Mots cachés Pokémon 9G - Statistiques

Statistiques générales
  • Ce quiz a été pris 16 fois
  • Le résultat moyen est 6 sur 20
Statistiques - réponses
Mot caché Réponse % Correct
aabilorv Arboliva
100%
aabcers Bérasca
100%
aabbchimnr Charbambin
100%
aceloprsty Cléopsytra
100%
cdoory Cryodo
100%
dginoor Dogrino
100%
aaffgiirr Farigiraf
100%
deggnooru Grondogue
100%
deefiorru Ire-Foudre
100%
eeeiilllllrt Lilliterelle
100%
ddmoorru Mordudor
100%
adimoorrtz Motorizard
100%
aaallmpv Palmaval
100%
hmop Pohm
100%
ehmooptt Pohmotte
100%
abeeffhlorty Théffroyable
100%
bemoottu Toutombe
100%
bimorv Vrombi
100%
uuyy Yuyu
100%
dgilnu Dinglu
80%
aachioptt Pâtachiot
75%
aabbeellz Balbalèze
50%
aafgilmort Flâmigator
50%
effginorsuu Fongus-Furie
50%
efiioorrtv Fort-Ivoire
50%
aeggilns Gigansel
50%
deeefhortt Hotte-de-Fer
50%
eeehlqruuu Hurle-Queue
50%
egnoopr Ogerpon
50%
aachopssu Poussacha
50%
definoprsu Superdofin
50%
aaeopstt Tapatoès
50%
aaeikptuu Taupikeau
50%
deeeefrstt Têtes-de-Fer
50%
deeefrrtv Vert-de-Fer
50%
deeefrrt Ferdeter
33%
adgiloov Glaivodo
33%
aaaellmmv Malvalame
33%
aciilnosv Scovilain
33%
aaelmss Amassel
0%
abdiimopu Ampibidou
0%
aabijno Baojian
0%
bcehiinor Briochien
0%
aabcellnor Canarbello
0%
aaacdmrru Carmadura
0%
cdeeeffhr Chef-de-Fer
0%
ccdehhiloo Chochodile
0%
acghijnno Chongjian
0%
ceffinoot Coiffeton
0%
acglmnoop Compagnol
0%
ceginoorrsuu Courrousinge
0%
aacioprr Craparoi
0%
ccgiloorr Crocogril
0%
deeilnst Délestin
0%
ddelooorsuu Deusolourdo
0%
dfino Dofin
0%
deeeefinpr Épine-de-Fer
0%
afgilmno Famignol
0%
aafinosv Favianos
0%
acefiilns Félicanis
0%
aceefnprtu Feu-Perçant
0%
aeefilnpprt Filentrappe
0%
aeefllmnoru Flamenroule
0%
acefllort Floréclat
0%
filllnoot Flotillon
0%
ceeefhlmott Flotte-Mèche
0%
aefgilnor Forgelina
0%
aefgllor Forgella
0%
eeefgorrtt Forgerette
0%
afiimorstu Fortusimia
0%
afginorr Fragroin
0%
dfgioor Frigodo
0%
afgilloruu Fulgulairo
0%
abegmx Gambex
0%
addeeefgrr Garde-de-Fer
0%
aceeglmrt Germéclat
0%
eeglmortu Gourmelet
0%
abeggiinorru Gribouraigne
0%
aggmoor Gromago
0%
adiknoor Koraidon
0%
beellooruu Léboulérou
0%
abeeillmost Lestombaile
0%
aegmnoortu Matourgeon
0%
aaacdeimrs Miascarade
0%
adiimnor Miraidon
0%
deeefimrt Mite-de-Fer
0%
ggiiinnor Nigirigon
0%
adiloov Olivado
0%
iiilnov Olivini
0%
aaacoty Oyacata
0%
adeeefmpru Paume-de-Fer
0%
acehimnpsu Pêchaminus
0%
aabeeegllps Pelage-Sablé
0%
aceeipt Piétacé
0%
iimopt Pimito
0%
aehmmooprtt Pohmarmotte
0%
aceghilopstt Poltchageist
0%
cdhimooopr Pomdorochi
0%
admmooprru Pomdramour
0%
adglnnoopru Pondralugon
0%
aaeeilmprs Rampe-Ailes
0%
cdeeforr Roc-de-Fer
0%
deeeforru Roue-de-Fer
0%
egilnrtuu Rugit-Lune
0%
aceelprrsu Scalpereur
0%
eilnstu Selutin
0%
aeeeenprstu Serpente-Eau
0%
aaggtt Tag-Tag
0%
aaegoprst Terapagos
0%
aceloorrt Terracool
0%
aceelrrrtu Terracruel
0%
aeeirrstt Terraiste
0%
aeelmopttu Têtampoule
0%
beeilnosstu Tissenboule
0%
bemoorrt Tomberro
0%
aeiikoprtu Triopikeau
0%
eeiorrrruvv Virevorreur
0%
einortvv Virovent
0%
bmooorrtv Vrombotor
0%
aeelprtz Zapétrel
0%
Aucun quiz correspondant
Distribution des résultats
% des personnes avec chaque résultat
Percentile par nombre de réponses
Votre historique - résultats
Vous n’avez pas pris ce quiz